MLB Hall of Fame Class of 1936 - Statistics

General Stats
  • This quiz has been taken 11 times
  • The average score is 4 of 5
Answer Stats
Team Pos Answer YoB % % Correct
Detroit Tigers CF Ty Cobb 1st 98.2%
100%
New York Yankees RF Babe Ruth 1st 95.1%
80%
New York Giants SP Christy Mathewson 1st 90.7%
60%
Pittsburgh Pirates SS Honus Wagner 1st 95.1%
60%
Washington Senators SP Walter Johnson 1st 83.6%
60%
No matching quizzes found
Score Distribution
Percent of People with Each Score
Percentile by Number Answered
Your Score History
You have not taken this quiz